000 00530nam a2200181Ia 4500
003 GCL
008 140319s9999 xx 000 0 ara d
040 _aGCL /
_cGCL
082 0 4 _a811.009
_bم ل
100 1 _aمحمد حماسة عبداللطيف
245 1 0 _aلغة الشعر : دراسة فى الضرورة الشعرية /
_cمحمد حماسة عبداللطيف
300 _a421 ص
490 _a
650 0 4 _aالشعر العربى
650 0 4 _aالادب
650 0 4 _aتاريخ ونقد
942 _2ddc
_cBK
999 _c45068
_d45068